All city in picture - Statistics

General Stats
  • This quiz has been taken 19 times
  • The average score is 8 of 16
Answer Stats
Picture Answer % Correct
Berlin
89%
New York
89%
Paris
84%
Rio de Janeiro
68%
Shanghai
63%
Toronto
58%
Hongkong
53%
Rome
53%
Singapore
53%
Cape town
47%
Taipei
37%
Tokyo
37%
Delhi
26%
Astana
5%
Guatemala city
5%
Kampala
0%
No matching quizzes found
Score Distribution
Percent of People with Each Score
Percentile by Number Answered
Your Score History
You have not taken this quiz